Bilecik Bilecik Bilecik Bilecik Bilecik

Principles of instrumental analysis/ (Record no. 24627)

MARC details
000 -BAŞLIK
Sabit Uzunluktaki Kontrol Alanı 01001nam a22003137a 4500
001 - KONTROL NUMARASI
Control Dosyası 0024676
003 - KONTROL NUMARASI KİMLİĞİ
Kontrol Alanı KOHA_MİRAKIL
005 - EN SON İŞLEM TARİHİ ve ZAMANI
Kontrol Alanı 20260207002446.0
007 - FİZİKSEL TANIM SABİT ALAN - GENEL BİLGİ
Sabit uzunluklu kontrol alanı ta
008 - SABİT UZUNLUKTAKİ VERİ ÖGELERİ - GENEL BİLGİ
Sabit Alan 101122b2007 xx |||gr||||#||||0|eng |
020 ## - ISBN - ULUSLARARASI STANDART KİTAP NUMARASI
Isbn 9780495012016
Nitelik bilgileri
020 ## - ISBN - ULUSLARARASI STANDART KİTAP NUMARASI
Isbn 0495012017
Nitelik bilgileri
040 ## - KATALOGLAMA KAYNAĞI
Özgün Kataloglama Kurumu TR-BiSEU
Kataloglama Dili tur
Çeviri Kurumu TR-BiSEU
Açıklama Kuralları rda
041 0# - DİL KODU
Metin ya da ses kaydının dil kodu eng
050 ## - SINIFLAMA ve YER NUMARASI
Sınıflama Numarası QD79.I5
Yer Numarası S58 2007
100 1# - KİŞİ ADI
Yazar Adı (Kişi adı) Skoog, Douglas A. .
245 1# - ESER ADI BİLDİRİMİ
Başlık Principles of instrumental analysis/
Sorumluluk Bildirimi Douglas A. Skoog ; Douglas A. Skoog, F. James Holler, Stanley R. Crouch.
250 ## - BASIM BİLDİRİMİ
Basım Bildirimi 6th ed
264 #1 - ÜRERİM, YAYIN, DAĞITIM ve TELİF BİLDİRİMİ
Yayın yeri Belmont, CA :
Yayınlayan Thomson Brooks/Cole, c2007
Yayın tarihi 2007
300 ## - FİZİKSEL TANIMLAMA
Sayfa, Cilt vb. xv, 1039 sayfa: resimli; 27 cm.
336 ## - İÇERİK TÜRÜ
Content type term metin
Content type code txt
Source rdacontent
337 ## - MEDYA TÜRÜ
Media type term aracısız
Media type code n
Source rdamedia
338 ## - TAŞIYICI TÜRÜ
Carrier type term cilt
Carrier type code nc
Source rdacarrier
490 0# - DİZİ BİLDİRİMİ
Dizi Bildirimi International student edition
500 ## - GENEL NOT
Genel Not Kaynakça ve dizin var.
650 #0 - KONU BAŞLIĞI EK GİRİŞ - KONU TERİMİ
Konusal terim veya coğrafi ad Instrumental analysis--Textbooks.
9 (RLIN) 29178
830 0# - SERİ EK GİRİŞİ - TEKBİÇİM ESER ADI
Tekbiçim Başlık International student edition
9 (RLIN) 29141
942 ## - EK GİRİŞ ÖGELERİ (KOHA)
Source of classification or shelving scheme Library of Congress Classification
Koha item type Book
Holdings
Materyal Türü Kalıcı Konum Mevcut Konum Raf Yeri Sınıflandırma Kaynağı Edinim Bilgisi Ana Konular Alt Konular Yer Numarası Demirbaş Numarası Fatura Tarihi Maliyet, Alış Fiyatı Maliyet, Yenileme Fiyatı Geri Çekilme Durumu Kayıp Durumu Hasarlı Durumu Kredi için değil Kayıt Tarih Toplam Ödünçverme Son Görülme Tarihi Son Kontrol Tarihi
Book Prof. Dr. Azmi Özcan Kütüphanesi Prof. Dr. Azmi Özcan Kütüphanesi Birûni Salonu Library of Congress Classification Satın BİLİM Kimya QD79.I5 S58 2007 0024676 15/12/2010 430.92 430.92         22/11/2010 1 05/12/2024 05/12/2024